| 000 | 00403nam a2200157Ia 4500 | ||
|---|---|---|---|
| 005 | 20250424120317.0 | ||
| 008 | 250424s9999 xx 000 0 und d | ||
| 022 | _aK 60 . O5/ | ||
| 050 | _aOhio Northern University law review. | ||
| 245 | 0 | _aUnited state | |
| 260 | _aOhio Northern University | ||
| 260 | _b2018 | ||
| 260 | _cx, 350 p. :ill. ; 25 cm. | ||
| 300 | _aLaw reviews--Ohio. | ||
| 650 | _aSR | ||
| 999 |
_c38587 _d38587 |
||